[Event "Rhein Main op-B 18th"]
[Site "Bad Homburg"]
[Date "2015.06.06"]
[Round "5"]
[White "Hafensteiner, Tim"]
[Black "Marx, Peter"]
[Result "1/2-1/2"]
[WhiteElo "1689"]
[BlackElo "1617"]
[PlyCount "39"]
[EventDate "2015.06.03"]
[EventType "swiss"]
[EventRounds "7"]
[EventCountry "GER"]
[SourceTitle "CBM 167 Extra"]
[Source "ChessBase"]
[SourceDate "2015.09.14"]
[SourceVersion "1"]
[SourceVersionDate "2015.09.14"]
[SourceQuality "1"]

1. e4 d5 2. exd5 Nf6 3. d4 Bg4 4. Bb5+ c6 5. dxc6 Nxc6 6. f3 Qa5+ 7. Nc3 Bf5 8. Bd2 0-0-0 9. Bxc6 bxc6 10. Nge2 e5 11. Ne4 Qb5 12. Nxf6 gxf6 13. 0-0 exd4 14. Ng3 Bg6 15. f4 Bf5 16. Nxf5 Qxf5 17. Qf3 Kb7 18. Qd3 Qg4 19. Qb3+ Ka8 20. Qxf7 1/2-1/2

[Event "Rheinland Pfalz op 4th"]
[Site "Altenkirchen"]
[Date "2012.06.09"]
[Round "6"]
[White "Hevizi, Janos"]
[Black "Marx, Peter"]
[Result "1-0"]
[WhiteElo "1755"]
[BlackElo "1426"]
[PlyCount "53"]
[EventDate "2012.06.07"]
[EventType "swiss"]
[EventRounds "7"]
[EventCountry "GER"]
[SourceTitle "CBM 148 Extra"]
[Source "ChessBase"]
[SourceDate "2012.06.22"]
[SourceVersion "1"]
[SourceVersionDate "2012.06.22"]
[SourceQuality "1"]

1. e4 d5 2. exd5 Nf6 3. Nc3 Nxd5 4. Nxd5 Qxd5 5. d4 e6 6. Nf3 Be7 7. Bd3 0-0 8. 0-0 c5 9. dxc5 Qxc5 10. Be3 Qc7 11. Bd4 Nc6 12. Bc3 b6 13. Re1 Bb7 14. a3 Rad8 15. Qe2 Nb8 16. Nd2 Nd7 17. Bxh7+ Kxh7 18. Qh5+ Kg8 19. Re3 e5 20. Rh3 f6 21. Nf3 Bxf3 22. gxf3 f5 23. Qh7+ Kf7 24. Qxf5+ Bf6 25. Rg3 Ke7 26. f4 Ke8 27. Rxg7 1-0

[Event "Rheinland Pfalz op 4th"]
[Site "Altenkirchen"]
[Date "2012.06.08"]
[Round "3"]
[White "Marx, Peter"]
[Black "Manos, Stavros"]
[Result "1-0"]
[WhiteElo "1426"]
[BlackElo "953"]
[PlyCount "131"]
[EventDate "2012.06.07"]
[EventType "swiss"]
[EventRounds "7"]
[EventCountry "GER"]
[SourceTitle "CBM 148 Extra"]
[Source "ChessBase"]
[SourceDate "2012.06.22"]
[SourceVersion "1"]
[SourceVersionDate "2012.06.22"]
[SourceQuality "1"]

1. c4 c5 2. Nc3 Nc6 3. g3 b6 4. Bg2 Bb7 5. Nf3 Nf6 6. 0-0 e6 7. d4 cxd4 8. Nxd4 d5 9. Bg5 Nxd4 10. Qxd4 h6 11. Bxf6 Qxf6 12. Qxf6 gxf6 13. cxd5 exd5 14. Nxd5 Bxd5 15. Bxd5 Rd8 16. Rfd1 Rh7 17. Rd3 Bc5 18. Rad1 Kf8 19. Be4 Rxd3 20. Rxd3 Rh8 21. Rf3 Bd4 22. b3 Rg8 23. Rd3 Bc5 24. Kg2 h5 25. h4 Kg7 26. Rd5 Re8 27. Bf3 Rh8 28. Bxh5 Re8 29. Rd7 b5 30. Rxf7+ Kh6 31. Bg4 Kg6 32. Rd7 f5 33. Bf3 Kf6 34. h5 Ke6 35. Bc6 a6 36. Rd6+ Bxd6 37. Bxe8 Ke7 38. Bg6 Kf6 39. Kf3 Be5 40. e4 fxe4+ 41. Kxe4 a5 42. a4 bxa4 43. bxa4 Bb2 44. f4 Kg7 45. g4 Bc1 46. g5 Bd2 47. Kf5 Bxf4 48. Kxf4 Kg8 49. Ke5 Kg7 50. Kd5 Kf8 51. Kc5 Kg7 52. Kb5 Kg8 53. Kxa5 Kg7 54. Kb5 Kg8 55. a5 Kf8 56. a6 Ke7 57. a7 Ke6 58. a8Q Ke5 59. Qe4+ Kd6 60. Kb6 Kd7 61. Bf5+ Kd8 62. Qd5+ Ke8 63. Qe6+ Kf8 64. Bg6 Kg7 65. Qf7+ Kh8 66. Qh7# 1-0

[Event "St Leon Rot op"]
[Site "St Leon Rot"]
[Date "2011.12.29"]
[Round "5"]
[White "Marx, Peter"]
[Black "Harsch, Lars"]
[Result "1/2-1/2"]
[WhiteElo "1488"]
[BlackElo "1136"]
[PlyCount "74"]
[EventDate "2011.12.27"]
[EventType "swiss"]
[EventRounds "7"]
[EventCountry "GER"]
[SourceTitle "CBM 146 Extra"]
[Source "ChessBase"]
[SourceDate "2012.02.29"]
[SourceVersion "1"]
[SourceVersionDate "2012.02.29"]
[SourceQuality "1"]

1. e4 c5 2. b4 cxb4 3. a3 bxa3 4. d4 d6 5. Nf3 Bg4 6. Nxa3 Nf6 7. h3 Bh5 8. Bd3 Nc6 9. Bb2 Bxf3 10. Qxf3 Qb6 11. Nc4 Nxd4 12. Qxf6 Qb4+ 13. c3 exf6 14. cxb4 d5 15. Bxd4 Bxb4+ 16. Nd2 dxe4 17. Bxe4 0-0 18. Rxa7 Rxa7 19. Bxa7 Re8 20. f3 f5 21. Kd1 fxe4 22. Nxe4 Rd8+ 23. Ke2 f5 24. Ng5 Rd2+ 25. Ke3 Rxg2 26. h4 Bd2+ 27. Kd3 Bxg5 28. hxg5 Rxg5 29. Rb1 Rg3 30. Ke3 g5 31. Kf2 Rh3 32. Rxb7 g4 33. fxg4 fxg4 34. Bd4 Rf3+ 35. Kg2 h5 36. Rg7+ Kf8 37. Rh7 Rh3 1/2-1/2

[Event "St Leon Rot op"]
[Site "St Leon Rot"]
[Date "2011.12.28"]
[Round "4"]
[White "Bauer, Julian"]
[Black "Marx, Peter"]
[Result "0-1"]
[WhiteElo "1101"]
[BlackElo "1488"]
[PlyCount "72"]
[EventDate "2011.12.27"]
[EventType "swiss"]
[EventRounds "7"]
[EventCountry "GER"]
[SourceTitle "CBM 146 Extra"]
[Source "ChessBase"]
[SourceDate "2012.02.29"]
[SourceVersion "1"]
[SourceVersionDate "2012.02.29"]
[SourceQuality "1"]

1. e4 d5 2. exd5 Nf6 3. Nf3 Nxd5 4. Bc4 e6 5. d3 Nb6 6. Bb3 Nc6 7. Be3 Nd5 8. 0-0 Nxe3 9. fxe3 g6 10. Nbd2 Bg7 11. d4 0-0 12. c3 b6 13. Rf2 Bb7 14. Qf1 Ne7 15. Ng5 Nf5 16. Ngf3 Nxe3 17. Qd3 Nd5 18. Raf1 Qd7 19. Nc4 f6 20. Re1 Rfe8 21. Rfe2 Nf4 22. Qe3 Nxe2+ 23. Rxe2 Kh8 24. Ncd2 Bd5 25. Qf4 a5 26. Ne4 Bxb3 27. axb3 Rf8 28. h4 Rae8 29. Ned2 e5 30. dxe5 fxe5 31. Qh2 e4 32. Rxe4 Rxe4 33. Nxe4 Qd1+ 34. Kf2 Qc2+ 35. Kf1 Rxf3+ 36. gxf3 Qxh2 0-1

[Event "St Leon Rot op"]
[Site "St Leon Rot"]
[Date "2011.12.27"]
[Round "2"]
[White "Karaissaridis, Christos"]
[Black "Marx, Peter"]
[Result "1-0"]
[WhiteElo "1907"]
[BlackElo "1488"]
[PlyCount "105"]
[EventDate "2011.12.27"]
[EventType "swiss"]
[EventRounds "7"]
[EventCountry "GER"]
[SourceTitle "CBM 146 Extra"]
[Source "ChessBase"]
[SourceDate "2012.02.29"]
[SourceVersion "1"]
[SourceVersionDate "2012.02.29"]
[SourceQuality "1"]

1. d4 Nf6 2. Bf4 g6 3. Nf3 Bg7 4. h3 Nd5 5. Bh2 0-0 6. e4 Nb6 7. c4 c5 8. Nc3 cxd4 9. Nxd4 Nc6 10. Nf3 d6 11. Qc2 Be6 12. Nd5 Rc8 13. Rd1 Na5 14. b3 Nxd5 15. exd5 Bf5 16. Bd3 Bxd3 17. Qxd3 b6 18. 0-0 Nb7 19. b4 a5 20. a3 Ra8 21. Nd4 axb4 22. axb4 Ra4 23. Qb3 Qd7 24. Rfe1 Rfa8 25. Nc6 Bf6 26. Bf4 Ra3 27. Qc2 Ra2 28. Qe4 Bh4 29. g3 Qxh3 30. gxh4 R8a3 31. Nxe7+ Kg7 32. Qd4+ f6 33. Rd2 Qg4+ 34. Bg3 Rxg3+ 35. fxg3 Qxg3+ 36. Kf1 Qh3+ 37. Ke2 Qg2+ 38. Kd1 Qf3+ 39. Kc1 Qa3+ 40. Rb2 Ra1+ 41. Kd2 Rxe1 42. Kxe1 Qg3+ 43. Rf2 Qe5+ 44. Qxe5 dxe5 45. Nc8 b5 46. c5 Kf7 47. Nd6+ Nxd6 48. cxd6 f5 49. Ra2 e4 50. Ra7+ Ke8 51. Rxh7 f4 52. Re7+ Kd8 53. Rxe4 1-0